Responses for show #3651 - Monday, June 19, 2000

Contestants

Gavin Edwards, an author from Brooklyn, New York

Bobby Reddy, a physician from Playa del Rey, California

Gregg Fanselau, a paralegal originally from Denver, Colorado (whose 1-day cash winnings total $9,601)

Jeopardy! Round responses

U.S.A.
MOVIE SPOUSES
THE 1860s
A CENTURY OF FOOD
POSTS
"CK"
    $100 12
Salt Lake City

Gregg
    $100 11
Katharine Hepburn

Gregg
    $100 1
Alaska

Gavin
    $100 8
Tuna

Gregg
    $100 26
Pinta

Bobby
    $100 2
Shock

Gavin
    $200 13
Foxhound

Gregg
    $200 25
(Gavin: Who is George Clooney?)

Bruce Willis

GreggGavin
    $200 4
"In God We Trust"

Gregg
    $200 9
Broccoli

Gavin
    $200 27
(Gregg: What is prime minister?)

Vice president

Gregg
Triple Stumper
    $200 3
Block

Gregg
    $300 14
Providence

Gregg
    $300 24
Andy Garcia

Bobby
    $300 5
John Stetson

Bobby
    $300 10
Sara Lee

Bobby
    $300 28
(Alex: Produced right here.)

MGM

Gregg
    $300 17
Dipstick

Gavin
    $400 15
Connecticut

Gregg
    $400 21
(Gavin: Who is Holly Hunter?)

Debra Winger

BobbyGavin
    $400 6
Monitor

Gregg
    $1,500 22
(B: What is Baskin-Robbins?)

Haagen-Dazs

Bobby
    $400 29
Dodge City

Gregg
    $400 18
Lock & stock

Gavin
    $500 16
Vermont

Gavin
    $500 20
Teri Garr

Triple Stumper
    $500 7
Benevolent and Protective Order of Elks

Gregg
    $500 23
Caesar salad

Bobby
    $500 30
Omar Khayyam

Gregg
    $500 19
Tuck

Bobby

Scores at the first commercial break (after clue 16):

Gregg Bobby Gavin
$2,500 $600 $900

Scores at the end of the Jeopardy! Round:

Gregg Bobby Gavin
$3,700 $900 $1,000

Double Jeopardy! Round responses

POETRY
TERMS OF SERVICE
ALSO AT THE 2000 GRAMMYS
POPES NAMED LEO
WEIRD WEIGHTS & MEASURES
"EX" WORDS
    $200 19
"The Bells"

Gregg
    $200 1
Idi Amin

Gavin
    $200 2
Beethoven

Gregg
    $200 3
Saint Peter

Gregg
    $200 8
(Gregg: What is 500?)

1000

GreggGavin
    $200 14
Your Excellency

Gavin
    $400 20
(Gregg: Who is Carl Sandburg?)
(B: Who is Whitman?)

Stephen Vincent Benet

GreggBobby
Triple Stumper
    $400 27
Hideki Tojo

Gregg
    $400 9
Jimi Hendrix

Gregg
    $400 4
USA

Gregg
    $400 10
Magnums

Gavin
    $400 15
Exalt

Gregg
    $600 21
"Spoon River Anthology"

Gregg
    $600 28
Lorenzo de' Medici

Bobby
    $1,700 11
Reggae

Gavin
    $600 5
Islam

Gregg
    $600 16
a hundredth

Gregg
    $600 23
Expectorate

Gregg
    $800 22
Hesperus

Triple Stumper
    $800 29
Brian Mulroney

Gregg
    $800 12
Tejano

Gavin
    $800 6
Charlemagne

Gregg
    $800 17
Sextant

Gregg
    $800 24
Exude

Gregg
    $1000 26
"Adonais"

Triple Stumper
    $1000 30
David Lloyd George

Triple Stumper
    $1000 13
LeVar Burton

Gavin
    $1000 7
Simony

Gregg
    $2,400 18
(Edward) Furlong

Gregg
    $1000 25
(minute to go...)

Exile

Gregg

Scores at the end of the Double Jeopardy! Round:

Gregg Bobby Gavin
$15,300 $1,100 $5,500
(lock game)

[wagering suggestions for these scores]

Final Jeopardy! Round responses

HISTORIC PEOPLE
BobbyWho was Marco Polo?
$100
GavinWho is Marco Polo?
$2,075
GreggWho is Marco Polo?
$4,299
Marco Polo

Final scores:

Gregg Bobby Gavin
$19,599 $1,200 $7,575
2-day champion: $29,200 3rd place: Bicycles, Racing Shirts & Festina Watches 2nd place: Trip to Paris/Tour de France courtesy of Festina

Game dynamics:

Coryat scores:

Gregg Bobby Gavin
$13,900 $2,600 $4,400
32 R
(including 1 DD),
3 W
8 R,
2 W
(including 1 DD)
13 R
(including 1 DD),
2 W

Combined Coryat: $20,900

The J! Archive is created by fans, for fans. The Jeopardy! game show and all elements thereof, including but not limited to copyright and trademark thereto, are the property of Jeopardy Productions, Inc. and are protected under law. This website is not affiliated with, sponsored by, or operated by Jeopardy Productions, Inc. Join the discussion at JBoard.tv.